<?xml version="1.0" encoding="UTF-8"?>
<record
    xmlns:xsi="http://www.w3.org/2001/XMLSchema-instance"
    xsi:schemaLocation="http://www.loc.gov/MARC21/slim http://www.loc.gov/standards/marcxml/schema/MARC21slim.xsd"
    xmlns="http://www.loc.gov/MARC21/slim">

  <leader>00448nam a2200181Ia 4500</leader>
  <controlfield tag="008">221030s9999    xx            000 0 und d</controlfield>
  <datafield tag="020" ind1=" " ind2=" ">
    <subfield code="a">9812531769</subfield>
  </datafield>
  <datafield tag="041" ind1=" " ind2=" ">
    <subfield code="a">English</subfield>
  </datafield>
  <datafield tag="082" ind1=" " ind2=" ">
    <subfield code="a">105.23</subfield>
    <subfield code="b">Sil</subfield>
  </datafield>
  <datafield tag="100" ind1=" " ind2=" ">
    <subfield code="a">A. Silberschatz</subfield>
  </datafield>
  <datafield tag="245" ind1=" " ind2="0">
    <subfield code="a">Operating System Principles</subfield>
    <subfield code="c">by A. Silberschatz, P.B. Galvin</subfield>
  </datafield>
  <datafield tag="250" ind1=" " ind2=" ">
    <subfield code="a">7th</subfield>
  </datafield>
  <datafield tag="260" ind1=" " ind2=" ">
    <subfield code="b">John Wiley  &amp; Sons</subfield>
    <subfield code="c">2006</subfield>
  </datafield>
  <datafield tag="300" ind1=" " ind2=" ">
    <subfield code="a">896</subfield>
  </datafield>
  <datafield tag="650" ind1=" " ind2=" ">
    <subfield code="a">Computers</subfield>
  </datafield>
  <datafield tag="700" ind1=" " ind2=" ">
    <subfield code="a">P.B. Galvin</subfield>
  </datafield>
  <datafield tag="942" ind1=" " ind2=" ">
    <subfield code="c">BK</subfield>
  </datafield>
  <datafield tag="999" ind1=" " ind2=" ">
    <subfield code="c">3135</subfield>
    <subfield code="d">3135</subfield>
  </datafield>
  <datafield tag="952" ind1=" " ind2=" ">
    <subfield code="p">M 1295</subfield>
    <subfield code="g">332.00</subfield>
    <subfield code="l">1</subfield>
    <subfield code="o">105.23 Sil</subfield>
    <subfield code="q">2023-04-26</subfield>
    <subfield code="r">2023-04-15 00:00:00</subfield>
    <subfield code="s">2023-04-15</subfield>
    <subfield code="w">2022-10-30</subfield>
    <subfield code="y">BK</subfield>
    <subfield code="0">0</subfield>
    <subfield code="3">Print</subfield>
    <subfield code="4">0</subfield>
    <subfield code="7">0</subfield>
    <subfield code="a">MIETLIB</subfield>
    <subfield code="b">MIETLIB</subfield>
    <subfield code="c">BL-Academic Block B, FL-2, CUP-81, SH-4, R-4</subfield>
    <subfield code="d">2006-11-16</subfield>
    <subfield code="1">0</subfield>
    <subfield code="H">MCA</subfield>
  </datafield>
  <datafield tag="952" ind1=" " ind2=" ">
    <subfield code="p">M 1296</subfield>
    <subfield code="g">332.00</subfield>
    <subfield code="l">5</subfield>
    <subfield code="o">105.23 Sil</subfield>
    <subfield code="r">2025-11-12 00:00:00</subfield>
    <subfield code="s">2025-10-31</subfield>
    <subfield code="w">2022-10-30</subfield>
    <subfield code="y">BK</subfield>
    <subfield code="0">0</subfield>
    <subfield code="3">Print</subfield>
    <subfield code="4">0</subfield>
    <subfield code="7">0</subfield>
    <subfield code="a">MIETLIB</subfield>
    <subfield code="b">MIETLIB</subfield>
    <subfield code="c">BL-Academic Block B, FL-2, CUP-81, SH-4, R-4</subfield>
    <subfield code="d">2006-11-16</subfield>
    <subfield code="1">0</subfield>
    <subfield code="H">MCA</subfield>
  </datafield>
  <datafield tag="952" ind1=" " ind2=" ">
    <subfield code="p">M 1451</subfield>
    <subfield code="g">440.00</subfield>
    <subfield code="l">2</subfield>
    <subfield code="o">105.23 Sil</subfield>
    <subfield code="r">2025-09-12 00:00:00</subfield>
    <subfield code="s">2025-09-01</subfield>
    <subfield code="w">2022-10-30</subfield>
    <subfield code="y">BK</subfield>
    <subfield code="0">0</subfield>
    <subfield code="3">Print</subfield>
    <subfield code="4">0</subfield>
    <subfield code="7">0</subfield>
    <subfield code="a">MIETLIB</subfield>
    <subfield code="b">MIETLIB</subfield>
    <subfield code="c">BL-Academic Block B, FL-2, CUP-81, SH-4, R-4</subfield>
    <subfield code="d">2006-11-30</subfield>
    <subfield code="1">0</subfield>
    <subfield code="H">MCA</subfield>
  </datafield>
  <datafield tag="952" ind1=" " ind2=" ">
    <subfield code="p">M 1452</subfield>
    <subfield code="g">440.00</subfield>
    <subfield code="l">3</subfield>
    <subfield code="o">105.23 Sil</subfield>
    <subfield code="r">2024-11-06 00:00:00</subfield>
    <subfield code="s">2024-10-25</subfield>
    <subfield code="w">2022-10-30</subfield>
    <subfield code="y">BK</subfield>
    <subfield code="0">0</subfield>
    <subfield code="3">Print</subfield>
    <subfield code="4">0</subfield>
    <subfield code="7">0</subfield>
    <subfield code="a">MIETLIB</subfield>
    <subfield code="b">MIETLIB</subfield>
    <subfield code="c">BL-Academic Block B, FL-2, CUP-81, SH-4, R-4</subfield>
    <subfield code="d">2006-11-30</subfield>
    <subfield code="1">0</subfield>
    <subfield code="H">MCA</subfield>
  </datafield>
  <datafield tag="952" ind1=" " ind2=" ">
    <subfield code="p">BE 8971</subfield>
    <subfield code="g">440.00</subfield>
    <subfield code="l">10</subfield>
    <subfield code="o">105.23 Sil</subfield>
    <subfield code="q">2024-12-02</subfield>
    <subfield code="r">2024-11-19 00:00:00</subfield>
    <subfield code="s">2024-11-19</subfield>
    <subfield code="w">2022-10-30</subfield>
    <subfield code="y">BK</subfield>
    <subfield code="0">0</subfield>
    <subfield code="3">Print</subfield>
    <subfield code="4">0</subfield>
    <subfield code="7">0</subfield>
    <subfield code="a">MIETLIB</subfield>
    <subfield code="b">MIETLIB</subfield>
    <subfield code="c">BL-Academic Block C, FL-2, CUP-165, SH-4, R-4</subfield>
    <subfield code="d">2006-12-01</subfield>
    <subfield code="1">0</subfield>
    <subfield code="H">BE</subfield>
  </datafield>
  <datafield tag="952" ind1=" " ind2=" ">
    <subfield code="p">BE 8972</subfield>
    <subfield code="g">440.00</subfield>
    <subfield code="l">8</subfield>
    <subfield code="o">105.23 Sil</subfield>
    <subfield code="r">2025-11-25 00:00:00</subfield>
    <subfield code="s">2025-10-28</subfield>
    <subfield code="w">2022-10-30</subfield>
    <subfield code="y">BK</subfield>
    <subfield code="0">0</subfield>
    <subfield code="3">Print</subfield>
    <subfield code="4">0</subfield>
    <subfield code="7">0</subfield>
    <subfield code="a">MIETLIB</subfield>
    <subfield code="b">MIETLIB</subfield>
    <subfield code="c">BL-First, FL-1, CUP-165, SH-4, R-4</subfield>
    <subfield code="d">2006-12-01</subfield>
    <subfield code="1">0</subfield>
    <subfield code="H">BE</subfield>
  </datafield>
  <datafield tag="952" ind1=" " ind2=" ">
    <subfield code="p">M 672</subfield>
    <subfield code="g">415.00</subfield>
    <subfield code="l">11</subfield>
    <subfield code="o">105.23 Sil</subfield>
    <subfield code="r">2025-12-27 09:43:23</subfield>
    <subfield code="s">2025-12-17</subfield>
    <subfield code="w">2022-10-30</subfield>
    <subfield code="y">BK</subfield>
    <subfield code="0">0</subfield>
    <subfield code="3">Print</subfield>
    <subfield code="4">0</subfield>
    <subfield code="7">0</subfield>
    <subfield code="a">MIETLIB</subfield>
    <subfield code="b">MIETLIB</subfield>
    <subfield code="c">BL-Academic Block B, FL-2, CUP-81, SH-4, R-4</subfield>
    <subfield code="d">2005-09-26</subfield>
    <subfield code="1">0</subfield>
    <subfield code="H">MCA</subfield>
  </datafield>
  <datafield tag="952" ind1=" " ind2=" ">
    <subfield code="p">M 673</subfield>
    <subfield code="g">415.00</subfield>
    <subfield code="l">4</subfield>
    <subfield code="o">105.23 Sil</subfield>
    <subfield code="r">2025-10-10 00:00:00</subfield>
    <subfield code="s">2025-09-30</subfield>
    <subfield code="w">2022-10-30</subfield>
    <subfield code="y">BK</subfield>
    <subfield code="0">0</subfield>
    <subfield code="3">Print</subfield>
    <subfield code="4">0</subfield>
    <subfield code="7">0</subfield>
    <subfield code="a">MIETLIB</subfield>
    <subfield code="b">MIETLIB</subfield>
    <subfield code="c">BL-Academic Block B, FL-2, CUP-81, SH-4, R-4</subfield>
    <subfield code="d">2005-09-26</subfield>
    <subfield code="1">0</subfield>
    <subfield code="H">MCA</subfield>
  </datafield>
  <datafield tag="952" ind1=" " ind2=" ">
    <subfield code="p">M 674</subfield>
    <subfield code="g">415.00</subfield>
    <subfield code="l">0</subfield>
    <subfield code="o">105.23 Sil</subfield>
    <subfield code="r">2024-06-10 00:00:00</subfield>
    <subfield code="w">2022-10-30</subfield>
    <subfield code="y">BK</subfield>
    <subfield code="0">0</subfield>
    <subfield code="3">Print</subfield>
    <subfield code="4">0</subfield>
    <subfield code="7">0</subfield>
    <subfield code="a">MIETLIB</subfield>
    <subfield code="b">MIETLIB</subfield>
    <subfield code="c">BL-Academic Block B, FL-2, CUP-81, SH-4, R-4</subfield>
    <subfield code="d">2005-09-26</subfield>
    <subfield code="1">0</subfield>
    <subfield code="H">MCA</subfield>
  </datafield>
</record>
